[Event "N3_Gr_12"]
[Site "?"]
[Date "2004.02.01"]
[Round "6.4"]
[White "Fantin, Ludwig"]
[Black "Romieu, Flore"]
[Result "1-0"]
[WhiteElo "2187"]
[BlackElo "1976"]
[PlyCount "55"]
[EventDate "2004.??.??"]

{N3 Ronde 6 Match  Gueugnon / Clermont-Ferrand EC
} 1. e4 e5 2. Nf3 Nc6 3. Bc4
Bc5 4. c3 Nf6 5. d3 d6 6. Bb3 h6 7. h3 O-O 8. O-O Be6 9. Re1 Qd7 10. Bc2 Bxh3
11. gxh3 Qxh3 12. d4 exd4 13. cxd4 Bb6 14. Nc3 Ng4 15. Bf4 f5 16. exf5 Nb4 17.
Be4 c5 18. Bxd6 cxd4 19. Na4 Ne3 20. Qb3+ Kh8 21. Ne5 Rxf5 22. Ng6+ Kh7 23. Bg3
Re8 24. Nf4 Qg4 25. Bxf5+ Nxf5 26. Rxe8 h5 27. Qg8+ Kh6 28. Re6+ 1-0

[Event "N3_Gr_12"]
[Site "?"]
[Date "2004.02.01"]
[Round "6.5"]
[White "Perisse, Loic"]
[Black "Georgelin, Thierry"]
[Result "1-0"]
[WhiteElo "2030"]
[BlackElo "2061"]
[PlyCount "109"]
[EventDate "2004.??.??"]

{N3 Ronde 6 Match  Gueugnon / Clermont-Ferrand EC
} 1. d4 Nf6 2. Nc3 d5 3. e4
dxe4 4. Bg5 Bf5 5. Qe2 Nbd7 6. O-O-O c6 7. d5 cxd5 8. Nxd5 Qa5 9. Qc4 Nxd5 10.
Qxd5 Qxd5 11. Rxd5 e6 12. Rd2 Be7 13. Be3 a6 14. h3 h5 15. f3 Nf6 16. Bc4 b5
17. Bb3 exf3 18. Nxf3 Ne4 19. Rdd1 Nc5 20. Rhe1 O-O 21. Bxc5 Bxc5 22. Re5 Be7
23. a4 Bf6 24. Rc5 bxa4 25. Bxa4 Rab8 26. b3 Rfc8 27. Rxc8+ Rxc8 28. c4 Rd8 29.
Rxd8+ Bxd8 30. Kd2 g5 31. Nd4 Be4 32. Bc6 Bxc6 33. Nxc6 Bc7 34. Kd3 f5 35. Nb4
a5 36. Na6 Bd8 37. c5 e5 38. c6 e4+ 39. Ke2 f4 40. c7 Bxc7 41. Nxc7 Kf7 42. Na6
Ke6 43. Nc5+ Kd5 44. Nb7 f3+ 45. gxf3 exf3+ 46. Ke3 Kc6 47. Nxa5+ Kb5 48. Nc4
g4 49. h4 Kb4 50. Ne5 Kxb3 51. Ng6 Kc2 52. Nf4 Kd1 53. Kf2 Kd2 54. Nxh5 Kd3 55.
Nf6 1-0

[Event "N3_Gr_12"]
[Site "?"]
[Date "2004.02.01"]
[Round "6.6"]
[White "Perrot, Pierre"]
[Black "Jallerat, Denis"]
[Result "1/2-1/2"]
[WhiteElo "2057"]
[BlackElo "1980"]
[PlyCount "38"]
[EventDate "2004.??.??"]

{N3 Ronde 6 Match  Gueugnon / Clermont-Ferrand EC
} 1. d4 Nf6 2. c4 e6 3. Nf3
b6 4. a3 Bb7 5. Nc3 d5 6. e3 Be7 7. Be2 O-O 8. O-O c5 9. cxd5 Nxd5 10. Qc2 Nxc3
11. bxc3 Nc6 12. a4 Rc8 13. Rd1 Qc7 14. Bd3 h6 15. Qe2 cxd4 16. cxd4 Na5 17.
Bb2 Nc4 18. Bc1 Na5 19. Bb2 Nc4 1/2-1/2

[Event "N3_Gr_12"]
[Site "?"]
[Date "2004.02.01"]
[Round "6.7"]
[White "Gallini, Patrice"]
[Black "Sauvadet, Fabien"]
[Result "1/2-1/2"]
[WhiteElo "2049"]
[BlackElo "2011"]
[PlyCount "67"]
[EventDate "2004.??.??"]

{N3 Ronde 6 Match  Gueugnon / Clermont-Ferrand EC
} 1. d4 Nf6 2. Nc3 d5 3. e4
dxe4 4. Bg5 Bf5 5. Qe2 c6 6. O-O-O Bg4 7. f3 exf3 8. gxf3 Be6 9. Bxf6 gxf6 10.
d5 cxd5 11. Qb5+ Qd7 12. Nxd5 Bh6+ 13. f4 Bxd5 14. Rxd5 Bxf4+ 15. Kb1 Bd6 16.
Nf3 Qxb5 17. Bxb5+ Nc6 18. Nd4 Kd7 19. Nf5 Kc7 20. Nxd6 exd6 21. Rf1 Rae8 22.
Rdf5 Nd4 23. Bxe8 Nxf5 24. Bxf7 Rf8 25. Bb3 Nd4 26. Bd5 f5 27. c3 Nc6 28. Rf4
h6 29. Kc1 Ne5 30. Kd2 b6 31. Be6 b5 32. Rxf5 Nc4+ 33. Kc1 Rxf5 34. Bxf5
1/2-1/2

[Event "N3_Gr_12"]
[Site "?"]
[Date "2004.02.01"]
[Round "6.8"]
[White "Bertin, Jean-Loup"]
[Black "Mangone, Pierre"]
[Result "1-0"]
[WhiteElo "1960"]
[BlackElo "2025"]
[PlyCount "63"]
[EventDate "2004.??.??"]

{N3 Ronde 6 Match  Gueugnon / Clermont-Ferrand EC
} 1. d4 d5 2. c4 c6 3. Nc3
Nf6 4. Nf3 e6 5. Bg5 Be7 6. e3 Nbd7 7. Bd3 dxc4 8. Bxc4 b5 9. Bd3 a6 10. Rc1 c5
11. O-O c4 12. Be2 Bb7 13. a4 Qb6 14. axb5 axb5 15. b3 Ba3 16. Rb1 b4 17. bxc4
Qa5 18. Nb5 O-O 19. Qb3 Bc6 20. Nd2 Bxb5 21. cxb5 Nd5 22. Ne4 Rfc8 23. Ra1 Qb6
24. Bh4 N7f6 25. Bxf6 Nxf6 26. Nc5 Ra7 27. Bc4 Nd7 28. Na6 Qd6 29. Nxb4 Rxc4
30. Qxc4 Rc7 31. Nc6 Nb6 32. Qb3 1-0

[Event "N3_Gr_12"]
[Site "?"]
[Date "2004.02.01"]
[Round "6.9"]
[White "Romieu, Jean-Louis"]
[Black "Fantin, Alison"]
[Result "1-0"]
[WhiteElo "1974"]
[BlackElo "1820"]
[PlyCount "51"]
[EventDate "2004.??.??"]

{N3 Ronde 6 Match  Gueugnon / Clermont-Ferrand EC
} 1. e4 c6 2. Nc3 d5 3. Nf3
dxe4 4. Nxe4 Bf5 5. Ng3 Bg6 6. h4 h6 7. Ne5 Bh7 8. Qh5 g6 9. Bc4 e6 10. Qe2 Nf6
11. Nxf7 Qe7 12. Nxh8 Bg7 13. Qxe6 Bxh8 14. Qxe7+ Kxe7 15. d4 Nbd7 16. Bxh6 Re8
17. O-O-O Ng4 18. Rhe1+ Kd8 19. Bg5+ Ngf6 20. Rxe8+ Kxe8 21. Re1+ Kf8 22. Ne4
Bg8 23. Bxg8 Kxg8 24. Nxf6+ Bxf6 25. Bxf6 Nxf6 26. Re7 1-0

[Event "N3_Gr_12"]
[Site "?"]
[Date "2004.02.01"]
[Round "6.1"]
[White "Cursoux, Laurent"]
[Black "Chassain, Denis"]
[Result "1-0"]
[WhiteElo "2221"]
[BlackElo "2330"]
[PlyCount "61"]
[EventDate "2004.??.??"]

{N3 Ronde 6 Match  Saint-Etienne / Clermont Echecs
} 1. e4 c5 2. c3 d6 3. d4
Qc7 4. Nf3 Bg4 5. Be2 a6 6. O-O e6 7. h3 Bh5 8. Bf4 Bxf3 9. Bxf3 e5 10. Be3 Nf6
11. Nd2 Be7 12. Be2 O-O 13. f4 exd4 14. cxd4 cxd4 15. Bxd4 Nc6 16. Rc1 Nd7 17.
Be3 Rac8 18. Bg4 Rce8 19. b4 Nf6 20. Bf3 Qb8 21. a3 Bd8 22. Bf2 Ne7 23. Qb3 Nc8
24. Kh1 b5 25. e5 dxe5 26. fxe5 Nd7 27. Bc6 Bg5 28. Bxd7 Bxd2 29. Bxe8 Bxc1 30.
Bc5 Qxe5 31. Rxf7 1-0

[Event "N3_Gr_12"]
[Site "?"]
[Date "2004.02.01"]
[Round "6.2"]
[White "Rouler, Charly"]
[Black "Ballo, Michel"]
[Result "1-0"]
[WhiteElo "2252"]
[BlackElo "2106"]
[PlyCount "59"]
[EventDate "2004.??.??"]

{N3 Ronde 6 Match  Saint-Etienne / Clermont Echecs
} 1. d4 Nf6 2. c4 g6 3. g3
Bg7 4. Bg2 c6 5. Nf3 d6 6. O-O O-O 7. Nc3 Nbd7 8. e4 Qc7 9. h3 e5 10. Be3 exd4
11. Nxd4 Re8 12. Qc2 Nc5 13. Rad1 Ne6 14. Nde2 Bd7 15. f4 Rad8 16. Qd2 Bc8 17.
g4 b6 18. Ng3 Ba6 19. b3 d5 20. exd5 cxd5 21. Nxd5 Nxd5 22. Bxd5 Qe7 23. Rfe1
Qb4 24. Qg2 Bc3 25. Rf1 Ng5 26. fxg5 Rxe3 27. Bxf7+ Kg7 28. Rxd8 h5 29. Rg8+
Kh7 30. Bxg6+ 1-0

[Event "N3_Gr_12"]
[Site "?"]
[Date "2004.02.01"]
[Round "6.3"]
[White "Zouaoui, Hamide"]
[Black "Duluc, Jeremie"]
[Result "0-1"]
[WhiteElo "2050"]
[BlackElo "2195"]
[PlyCount "76"]
[EventDate "2004.??.??"]

{N3 Ronde 6 Match  Saint-Etienne / Clermont Echecs
} 1. e4 c6 2. d4 d5 3. Nc3
dxe4 4. Nxe4 Bf5 5. Ng3 Bg6 6. h4 h6 7. Nf3 Nf6 8. h5 Bh7 9. Bd3 Bxd3 10. Qxd3
e6 11. Bd2 Be7 12. O-O-O O-O 13. Qe2 Nbd7 14. Ne5 c5 15. Ng6 Re8 16. Nxe7+ Qxe7
17. dxc5 Qxc5 18. Kb1 Rac8 19. Be3 Qc6 20. Rhg1 a5 21. Rc1 b5 22. Nf1 a4 23. a3
b4 24. axb4 a3 25. c3 axb2 26. Qxb2 Nd5 27. g4 Nxc3+ 28. Rxc3 Qxc3 29. Qxc3
Rxc3 30. g5 hxg5 31. Bxg5 Rb3+ 32. Kc2 Rxb4 33. Bh6 Rc8+ 34. Kd2 g6 35. hxg6 f6
36. Ne3 Rb2+ 37. Kd3 Ne5+ 38. Ke4 Rb4+ 0-1

[Event "N3_Gr_12"]
[Site "?"]
[Date "2004.02.01"]
[Round "6.4"]
[White "Bonnamour, Matthieu"]
[Black "Tiero, Filbert"]
[Result "1-0"]
[WhiteElo "2049"]
[BlackElo "1910"]
[PlyCount "69"]
[EventDate "2004.??.??"]

{N3 Ronde 6 Match  Saint-Etienne / Clermont Echecs
} 1. e4 e6 2. d3 Nc6 3. Nf3
Be7 4. d4 d6 5. Nc3 Bf6 6. Be3 Nge7 7. Be2 a6 8. a4 O-O 9. Qd2 Ng6 10. O-O Bd7
11. Rfe1 Qe8 12. Bf1 e5 13. d5 Na7 14. a5 Be7 15. Bd3 Nc8 16. Ne2 c5 17. Ng3
Bg4 18. Be2 Bd8 19. b4 Bxf3 20. Bxf3 cxb4 21. Qxb4 Qd7 22. Reb1 Rb8 23. Be2 Bc7
24. h3 Nge7 25. Bg4 f5 26. Nxf5 Nxf5 27. Bxf5 Rxf5 28. exf5 Qxf5 29. Qc4 Qf7
30. Rb3 b5 31. axb6 Nxb6 32. Bxb6 Bxb6 33. Qh4 Qa7 34. Rab1 a5 35. Rxb6 1-0

[Event "N3_Gr_12"]
[Site "?"]
[Date "2004.02.01"]
[Round "6.5"]
[White "Etlicher, Dominique"]
[Black "Quenolle, Philippe"]
[Result "1/2-1/2"]
[WhiteElo "1990"]
[BlackElo "1900"]
[PlyCount "103"]
[EventDate "2004.??.??"]

{N3 Ronde 6 Match  Saint-Etienne / Clermont Echecs
} 1. d4 f5 2. Bg5 h6 3. Bh4
g5 4. e4 Bg7 5. Bg3 fxe4 6. h4 Nf6 7. hxg5 hxg5 8. Rxh8+ Bxh8 9. Nc3 d5 10. f3
Bf5 11. Qd2 a6 12. Qxg5 e6 13. Qh6 Kf7 14. O-O-O c6 15. Bh4 Bg7 16. Qf4 Kg8 17.
g4 Bg6 18. fxe4 Qf8 19. e5 Ne4 20. Qxf8+ Bxf8 21. Bg2 Bh6+ 22. Kb1 Nd2+ 23. Ka1
Bxc2 24. Re1 Nc4 25. g5 Bg7 26. b3 Na5 27. Bh3 Kf7 28. Kb2 Bd3 29. Re3 Bg6 30.
Na4 Nd7 31. Be1 b5 32. Bxa5 bxa4 33. b4 Rb8 34. Ka3 Bf8 35. Rc3 c5 36. bxc5 Rb5
37. Bc7 Nxc5 38. dxc5 Bxc5+ 39. Rxc5 Rxc5 40. Bd6 Rc3+ 41. Kxa4 Rg3 42. Bc5 Bd3
43. Kb4 Rxg5 44. Bd4 Bc4 45. a4 Ke7 46. a5 Rg3 47. Bb6 Kd7 48. Bf2 Rb3+ 49. Ka4
Rb2 50. Bb6 Ra2+ 51. Kb4 Rb2+ 52. Ka4 1/2-1/2

[Event "N3_Gr_12"]
[Site "?"]
[Date "2004.02.01"]
[Round "6.6"]
[White "Breha, Guillaume"]
[Black "Barnes, Pierrick"]
[Result "0-1"]
[WhiteElo "1840"]
[BlackElo "1930"]
[PlyCount "132"]
[EventDate "2004.??.??"]

{N3 Ronde 6 Match  Saint-Etienne / Clermont Echecs
} 1. e4 e5 2. Nf3 d6 3. d4
Nf6 4. Nc3 Nbd7 5. Bg5 Be7 6. d5 O-O 7. Qd2 Nc5 8. Bxf6 Bxf6 9. h3 a5 10. Be2
Bd7 11. O-O Qe7 12. a4 Rfb8 13. Rfe1 c6 14. Bc4 Rd8 15. Qe2 g6 16. Nd2 Bg7 17.
Nb3 Nxb3 18. Bxb3 Be8 19. Nd1 cxd5 20. Bxd5 Bc6 21. c4 Bxd5 22. cxd5 Rdc8 23.
Nc3 Rc5 24. Ra3 Rac8 25. Rb3 Qd7 26. Qd2 Bf6 27. Nb5 Bd8 28. Rc3 Bb6 29. Qg5
Rxc3 30. bxc3 Rc4 31. Qf6 Bc5 32. Kh1 Rxa4 33. f4 exf4 34. Nd4 Bxd4 35. cxd4 f3
36. Qxf3 Rxd4 37. Qf6 Rd3 38. e5 dxe5 39. Rxe5 Rxd5 40. Re7 Rd1+ 41. Kh2 Qd6+
42. Qxd6 Rxd6 43. Rxb7 Ra6 44. Rb3 Kg7 45. Ra3 a4 46. g3 f5 47. Kg2 Kf6 48. Kf3
h5 49. Kf4 g5+ 50. Kf3 Ke5 51. Re3+ Kd4 52. Ra3 Kc4 53. g4 hxg4+ 54. hxg4 f4
55. Ke2 Re6+ 56. Kd2 Kb4 57. Rd3 Re3 58. Rd8 a3 59. Rb8+ Kc4 60. Rd8 Rg3 61.
Rc8+ Kb3 62. Rb8+ Ka2 63. Ke2 Rb3 64. Rc8 Kb2 65. Kd2 a2 66. Rc2+ Ka3 0-1

[Event "N3_Gr_12"]
[Site "?"]
[Date "2004.02.01"]
[Round "6.7"]
[White "Lafrechoux, Laurent"]
[Black "Lageyre, Pascal"]
[Result "1-0"]
[WhiteElo "1750"]
[BlackElo "1890"]
[PlyCount "113"]
[EventDate "2004.??.??"]

{N3 Ronde 6 Match  Saint-Etienne / Clermont Echecs
} 1. e4 e6 2. Nc3 d5 3. f4
d4 4. Nce2 c5 5. Nf3 Nc6 6. c3 d3 7. Ng3 Nf6 8. e5 Ng4 9. Qa4 Qd5 10. b3 Bd7
11. Qe4 Qxe4+ 12. Nxe4 Be7 13. Bxd3 O-O-O 14. O-O f6 15. h3 Nh6 16. Ba3 b6 17.
Ba6+ Kb8 18. d4 cxd4 19. Bxe7 Nxe7 20. Nxd4 fxe5 21. fxe5 Nc6 22. Nxc6+ Bxc6
23. Nd6 Rhf8 24. Bd3 g6 25. g4 Nf7 26. Be4 Nxe5 27. Bxc6 Nxc6 28. Ne4 Rfe8 29.
Rf7 h5 30. gxh5 gxh5 31. Rh7 Rh8 32. Rxh8 Rxh8 33. Re1 e5 34. Kf2 Kc7 35. Kg3
Ne7 36. Ng5 Ng6 37. Rd1 Re8 38. Ne4 Rd8 39. Rxd8 Kxd8 40. Nf6 h4+ 41. Kg4 Ke7
42. Kf5 Nf4 43. Kxe5 Nxh3 44. Ne4 Ng1 45. Kf4 Ke6 46. Ke3 Ke5 47. Nd2 h3 48.
Kf2 Ne2 49. Kxe2 Kf4 50. Nf1 b5 51. Kf2 Ke4 52. Nd2+ Kd3 53. c4 bxc4 54. bxc4
Kd4 55. Kg3 a5 56. Kxh3 a4 57. a3 1-0

[Event "N3_Gr_12"]
[Site "?"]
[Date "2004.02.01"]
[Round "6.8"]
[White "Cordonnier, Claude"]
[Black "Cayuela-Mosch, Renate"]
[Result "1-0"]
[WhiteElo "1830"]
[BlackElo "1499"]
[PlyCount "83"]
[EventDate "2004.??.??"]

{N3 Ronde 6 Match  Saint-Etienne / Clermont Echecs
} 1. d4 d5 2. c4 Nf6 3. Nc3
e6 4. Qc2 g6 5. Nf3 Bg7 6. Bg5 O-O 7. e3 b6 8. Be2 Nc6 9. O-O Qd7 10. Rac1 Re8
11. cxd5 exd5 12. Bb5 Qd6 13. Bxf6 Bxf6 14. Nxd5 Bb7 15. Nxf6+ Qxf6 16. Bxc6
Bxc6 17. Qxc6 Qxc6 18. Rxc6 Re7 19. Rfc1 Rc8 20. Ne5 Kg7 21. Nd3 a5 22. Rxb6
cxb6 23. Rxc8 b5 24. Rc5 Rb7 25. f3 a4 26. e4 b4 27. Kf2 b3 28. a3 h5 29. d5
Kh6 30. Rc6 h4 31. e5 Rd7 32. d6 Rd8 33. Nc5 Re8 34. d7 Rf8 35. Rc8 Rxc8 36.
dxc8=Q Kg7 37. Ne4 h3 38. g4 Kh7 39. g5 Kg7 40. Qd8 Kh7 41. Nf6+ Kg7 42. Qg8#
1-0

[Event "N3_Gr_12"]
[Site "?"]
[Date "2004.02.01"]
[Round "6.9"]
[White "Minchilli, Franco"]
[Black "Cordonnier, Agnes"]
[Result "1-0"]
[WhiteElo "1590"]
[BlackElo "1650"]
[PlyCount "75"]
[EventDate "2004.??.??"]

{N3 Ronde 6 Match  Saint-Etienne / Clermont Echecs
} 1. e4 d5 2. e5 c5 3. c4
Nc6 4. Nf3 Bg4 5. Be2 e6 6. Nc3 dxc4 7. Qa4 Bxf3 8. Bxf3 Qd7 9. Bxc6 Qxc6 10.
Qxc6+ bxc6 11. Ne4 Rd8 12. O-O Nh6 13. h3 Nf5 14. b3 Rd4 15. Re1 cxb3 16. axb3
Rd3 17. Rxa7 Rxb3 18. Ra8+ Ke7 19. Ba3 f6 20. Bxc5+ Kf7 21. exf6 gxf6 22. Bxf8
Rxf8 23. Rxf8+ Kxf8 24. Nxf6 Ke7 25. Nxh7 Rd3 26. Ng5 Nd4 27. Ne4 Nb3 28. Re3
Rxe3 29. fxe3 e5 30. Kf2 Ke6 31. Kf3 c5 32. g4 c4 33. g5 Nxd2+ 34. Nxd2 c3 35.
Nb3 Kf5 36. h4 e4+ 37. Kg3 c2 38. Nd4+ 1-0

[Event "N3_Gr_12"]
[Site "?"]
[Date "2004.02.01"]
[Round "6.1"]
[White "Amato, Roger"]
[Black "Mulas, Gianmmarco"]
[Result "1/2-1/2"]
[WhiteElo "2225"]
[BlackElo "2125"]
[PlyCount "108"]
[EventDate "2004.??.??"]

{N3 Ronde 6 Match  Lyon Olympique II / Vienne
} 1. d4 d5 2. Nf3 e6 3. c4 c5 4.
cxd5 exd5 5. g3 Nc6 6. Bg2 Nf6 7. O-O Be7 8. Nc3 O-O 9. Bg5 cxd4 10. Nxd4 h6
11. Be3 Re8 12. Qa4 Bd7 13. Nxd5 Nxd5 14. Bxd5 Nb4 15. Qb3 Nxd5 16. Qxd5 Bh3
17. Qxd8 Raxd8 18. Rfd1 Bf6 19. Rd2 Bg4 20. Re1 Re4 21. Red1 Bxd4 22. Rxd4
Rexd4 23. Rxd4 Rxd4 24. Bxd4 Bxe2 25. Bxa7 Kf8 26. f4 h5 27. Kf2 Bc4 28. b3 Be6
29. Ke3 Ke7 30. Kd4 Kd6 31. Bc5+ Kc6 32. Bf8 g6 33. Be7 Kd7 34. Bf8 Kc6 35. Ke5
Bf5 36. Kf6 Be6 37. Ke5 Bf5 38. Kd4 Be6 39. Be7 Bd5 40. Kc3 Be6 41. a4 Bd5 42.
b4 Kd7 43. Bf8 Be6 44. b5 b6 45. Kb4 Kc7 46. a5 bxa5+ 47. Kxa5 Kb7 48. Be7 Bd7
49. Kb4 Kb6 50. Bd8+ Kb7 51. Kc5 Bf5 52. Kd6 Be6 53. Ke7 Kc8 54. b6 Kb7 1/2-1/2

[Event "N3_Gr_12"]
[Site "?"]
[Date "2004.02.01"]
[Round "6.2"]
[White "Timotic, Nicolas"]
[Black "Praud, Jean-Luc"]
[Result "0-1"]
[WhiteElo "2107"]
[BlackElo "2176"]
[PlyCount "83"]
[EventDate "2004.??.??"]

{N3 Ronde 6 Match  Lyon Olympique II / Vienne
} 1. e4 e6 2. d4 d5 3. Nd2 c5 4.
exd5 exd5 5. Bb5+ Bd7 6. Qe2+ Be7 7. dxc5 Nf6 8. Ngf3 O-O 9. Nb3 Re8 10. Be3 a6
11. Bd3 Ba4 12. Nfd4 Nbd7 13. O-O-O Bxb3 14. Nxb3 Nxc5 15. Nxc5 Bxc5 16. Qf3
Bxe3+ 17. fxe3 Qb6 18. Rhe1 Re5 19. Re2 Rae8 20. Rde1 Qa5 21. a3 b5 22. Qf4 Qb6
23. g4 Ne4 24. Rf1 Qe6 25. c3 Nd6 26. Bf5 Qe7 27. Rf3 Nc4 28. Rh3 h6 29. Bd3
Nxe3 30. Rf3 Nxg4 31. Rg2 Re1+ 32. Kd2 Ra1 33. Re2 Ne5 34. Rxe5 Qf8 35. Qf5 g6
36. Rg3 Rxe5 37. Qxe5 Qc5 38. Qe3 d4 39. Qe4 dxc3+ 40. bxc3 Qf2+ 41. Qe2 Ra2+
42. Bc2 0-1

[Event "N3_Gr_12"]
[Site "?"]
[Date "2004.02.01"]
[Round "6.3"]
[White "Miellet-Bensan, Yves"]
[Black "Caffenne, Philippe"]
[Result "1-0"]
[WhiteElo "2139"]
[BlackElo "2078"]
[PlyCount "105"]
[EventDate "2004.??.??"]

{N3 Ronde 6 Match  Lyon Olympique II / Vienne
} 1. e4 c6 2. d4 d5 3. exd5 cxd5
4. Bd3 g6 5. Ne2 Bg7 6. O-O Nc6 7. c3 Nh6 8. Ng3 O-O 9. Re1 f6 10. Bb5 Nf7 11.
Nd2 e5 12. Nb3 Nd6 13. a4 Nxb5 14. axb5 Ne7 15. dxe5 fxe5 16. Bg5 h6 17. Bxe7
Qxe7 18. Qxd5+ Be6 19. Qc5 Qf7 20. Nd2 h5 21. Re2 h4 22. Nge4 Qf4 23. Qe3 Qxe3
24. Rxe3 Bh6 25. Rd3 Bf5 26. f3 Rad8 27. Rxd8 Rxd8 28. Nc4 h3 29. gxh3 Bf4 30.
Kg2 Be6 31. Ncd6 Be3 32. Nxb7 Rf8 33. Nbc5 Bd5 34. Nd3 Kf7 35. c4 Ba8 36. c5
Ke6 37. Rxa7 Bd5 38. Ra6+ Kf5 39. Nd6+ Kg5 40. Ne4+ Kf5 41. Rd6 Bxe4 42. fxe4+
Kxe4 43. b6 Bd4 44. b7 Kxd3 45. c6 Ke2 46. Rxd4 exd4 47. c7 d3 48. c8=Q Rf2+
49. Kg3 Rf3+ 50. Kg4 d2 51. Qc4+ Rd3 52. Qe4+ Re3 53. Qg2+ 1-0

[Event "N3_Gr_12"]
[Site "?"]
[Date "2004.02.01"]
[Round "6.4"]
[White "Simon, Frederic"]
[Black "Crapis, Frederic"]
[Result "1-0"]
[WhiteElo "2134"]
[BlackElo "2026"]
[PlyCount "74"]
[EventDate "2004.??.??"]

{N3 Ronde 6 Match  Lyon Olympique II / Vienne
} 1. e4 c5 2. Nc3 Nc6 3. g3 d6
4. Bg2 Nf6 5. f4 Rb8 6. d3 Bd7 7. Nf3 Qc8 8. O-O Bh3 9. e5 Bxg2 10. Kxg2 dxe5
11. fxe5 Ng4 12. Re1 e6 13. h3 Nh6 14. Bxh6 gxh6 15. Ne4 Nd4 16. Nxd4 cxd4 17.
c3 dxc3 18. bxc3 Be7 19. Qh5 Qd8 20. Rf1 Rf8 21. Rf3 Qd5 22. c4 Qd4 23. Raf1
Kd7 24. Rxf7 Kc6 25. Qxh6 Qxe5 26. Rxf8 Bxf8 27. Rxf8 Rxf8 28. Qxf8 Qb2+ 29.
Qf2 Qxf2+ 30. Kxf2 b5 31. cxb5+ Kxb5 32. Ke3 Kb4 33. Kd4 Ka3 34. Nc5 Kxa2 35.
Nxe6 Kb3 36. Nc5+ Kb4 37. g4 a5 1-0

[Event "N3_Gr_12"]
[Site "?"]
[Date "2004.02.01"]
[Round "6.5"]
[White "Esteveny, Yann"]
[Black "Soubrier, Aude"]
[Result "1-0"]
[WhiteElo "1970"]
[BlackElo "2070"]
[PlyCount "51"]
[EventDate "2004.??.??"]

{N3 Ronde 6 Match  Lyon Olympique II / Vienne
} 1. e4 e5 2. Nf3 Nc6 3. Bb5 f5
4. d3 fxe4 5. dxe4 Nf6 6. Bg5 Bc5 7. Bxf6 Qxf6 8. Qd5 Bd6 9. Nc3 Ne7 10. Qd2
O-O 11. O-O-O Bb4 12. Bc4+ Kh8 13. h4 d6 14. Ng5 h6 15. Kb1 Bd7 16. f3 Bxc3 17.
Qxc3 g6 18. Qb3 Kg7 19. Ne6+ Bxe6 20. Bxe6 Rab8 21. h5 Nc6 22. hxg6 Nd4 23. Qe3
Qxg6 24. Bd5 Ne6 25. Rh4 Qg5 26. Rg4 1-0

[Event "N3_Gr_12"]
[Site "?"]
[Date "2004.02.01"]
[Round "6.6"]
[White "Lacour, Serge"]
[Black "Badoual, Patrice"]
[Result "0-1"]
[WhiteElo "2124"]
[BlackElo "2070"]
[PlyCount "72"]
[EventDate "2004.??.??"]

{N3 Ronde 6 Match  Lyon Olympique II / Vienne
} 1. d4 d5 2. c4 e6 3. Nf3 c6 4.
Nc3 dxc4 5. g3 Nf6 6. Bg2 Nbd7 7. O-O Be7 8. e4 O-O 9. e5 Nd5 10. Nd2 b5 11. a4
b4 12. Nxd5 cxd5 13. f4 f5 14. g4 g6 15. gxf5 gxf5 16. Rf3 Rb8 17. Rg3+ Kh8 18.
Qh5 Rg8 19. Qf7 Rxg3 20. hxg3 Nf8 21. g4 Bd7 22. Qh5 Be8 23. Qh3 fxg4 24. Qxg4
Bg6 25. Nf1 Bf5 26. Qh5 Qe8 27. Qxe8 Rxe8 28. Ne3 Bd3 29. f5 Bh4 30. fxe6 Nxe6
31. Bxd5 Nxd4 32. Bxc4 Bxc4 33. Nxc4 Nb3 34. Nd6 Rg8+ 35. Kh1 Nxa1 36. Bh6 Rg6
0-1

[Event "N3_Gr_12"]
[Site "?"]
[Date "2004.02.01"]
[Round "6.7"]
[White "Gerest, Yves"]
[Black "Candy, Romain"]
[Result "0-1"]
[WhiteElo "1840"]
[BlackElo "1982"]
[PlyCount "83"]
[EventDate "2004.??.??"]

{N3 Ronde 6 Match  Lyon Olympique II / Vienne
} 1. e4 c5 2. Nf3 Nc6 3. Bc4 e6
4. Qe2 Nge7 5. Nc3 Ng6 6. O-O a6 7. a4 Bd6 8. g3 O-O 9. d3 f5 10. exf5 Rxf5 11.
Ne4 Be7 12. Ba2 b5 13. Bb1 d5 14. Ned2 Bd7 15. c3 Rf6 16. axb5 axb5 17. Rxa8
Qxa8 18. Re1 e5 19. Nf1 Bg4 20. N1d2 e4 21. dxe4 Nce5 22. exd5 Bxf3 23. Qxb5
Bxd5 24. Qe2 Bd6 25. Be4 Bxe4 26. Qxe4 Qxe4 27. Rxe4 Nd3 28. Nc4 Nxc1 29. Nxd6
Rxd6 30. Re8+ Kf7 31. Ra8 Ne7 32. b4 cxb4 33. cxb4 Rb6 34. Rh8 h6 35. Rc8 Nd3
36. Rc7 Rxb4 37. Rd7 Ne5 38. Rc7 Rb2 39. h3 Nd3 40. f4 Kf6 41. Rd7 Nc5 42. Rc7
0-1

[Event "N3_Gr_12"]
[Site "?"]
[Date "2004.02.01"]
[Round "6.8"]
[White "Le Roux, Yann-Erle"]
[Black "Colombi-Gamrat, Marie-Pierre"]
[Result "1-0"]
[WhiteElo "2058"]
[BlackElo "1850"]
[PlyCount "87"]
[EventDate "2004.??.??"]

{N3 Ronde 6 Match  Lyon Olympique II / Vienne
} 1. Nf3 d5 2. c4 d4 3. b4 e6 4.
a3 c5 5. d3 cxb4 6. g3 Nc6 7. Bg2 Nf6 8. O-O bxa3 9. Bxa3 Bxa3 10. Rxa3 O-O 11.
Nbd2 Qe7 12. Qa1 e5 13. Ng5 Bg4 14. Re1 h6 15. Nge4 Nxe4 16. Nxe4 Rfe8 17. c5
Qc7 18. Nd6 Rf8 19. Rb1 Rfb8 20. Rb2 a6 21. Qb1 Na5 22. Qc2 Bd7 23. Rb6 Nc6 24.
Qb2 Nd8 25. Nxb7 Nxb7 26. Rxb7 Rxb7 27. Bxb7 Rb8 28. Rb3 Bb5 29. Bxa6 Bxa6 30.
Rxb8+ Kh7 31. Qb6 Qe7 32. Qxa6 Qxc5 33. Qa1 Qc2 34. Rb2 Qc3 35. Qb1 f6 36. Rc2
Qa5 37. Ra2 Qc3 38. Rc2 Qa5 39. Qb7 Qd8 40. Rc7 Qf8 41. Kg2 f5 42. Rf7 Qg8 43.
Rxf5 Qe6 44. Qe4 1-0

[Event "N3_Gr_12"]
[Site "?"]
[Date "2004.02.01"]
[Round "6.9"]
[White "Agrusti, Gaetan"]
[Black "Harnois, Clementine"]
[Result "0-1"]
[WhiteElo "1660"]
[BlackElo "1880"]
[PlyCount "70"]
[EventDate "2004.??.??"]

{N3 Ronde 6 Match  Lyon Olympique II / Vienne
} 1. e4 d6 2. d4 Nf6 3. Nc3 g6
4. f4 Bg7 5. Nf3 c5 6. Bb5+ Bd7 7. Bxd7+ Nfxd7 8. d5 Qa5 9. Qd3 b5 10. O-O c4
11. Qe3 Na6 12. Nd4 Nc7 13. Nc6 Qb6 14. Qxb6 axb6 15. Be3 Nc5 16. Bd4 Bxd4+ 17.
Nxd4 Kd7 18. Rfe1 b4 19. Ncb5 Nxb5 20. Nxb5 Ra5 21. Nd4 Rha8 22. a3 bxa3 23.
Nc6 axb2 24. Rab1 Ra1 25. e5 Rxb1 26. Rxb1 Ra1 27. Nb4 Rxb1+ 28. Kf2 Rc1 29.
e6+ fxe6 30. dxe6+ Kxe6 31. Nc6 Rxc2+ 32. Kg3 Rc3+ 33. Kg4 b1=Q 34. Nd4+ Kf6
35. Nf3 Qf5+ 0-1

[Event "N3_Gr_12"]
[Site "?"]
[Date "2003.10.12"]
[Round "1.1"]
[White "Genevrier, Pascal"]
[Black "Cursoux, Laurent"]
[Result "0-1"]
[WhiteElo "2170"]
[BlackElo "2221"]
[PlyCount "101"]
[EventDate "2004.??.??"]

1. e4 c5 2. Nf3 d6 3. Bb5+ Bd7 4. Bxd7+ Qxd7 5. c4 Nc6 6. Nc3 g6 7. d4 cxd4 8.
Nxd4 Bg7 9. Nde2 Nf6 10. O-O O-O 11. f3 Ne5 12. b3 a6 13. a4 a5 14. Bg5 Ra6 15.
Kh1 h6 16. Be3 Nc6 17. Qd2 Kh7 18. Rad1 Rd8 19. h3 Qc8 20. f4 Nd7 21. Rb1 Nc5
22. Nd4 Nb4 23. f5 Rf8 24. Rf4 g5 25. Rg4 Bf6 26. h4 h5 27. Rxg5 Bxg5 28. Bxg5
f6 29. Qe2 Qe8 30. Be3 Rg8 31. Ndb5 Qf7 32. Bxc5 dxc5 33. Rd1 Rg4 34. Rd7 Rxh4+
35. Kg1 Rg4 36. e5 fxe5 37. Qxe5 Nc6 38. Qxc5 Rg5 39. Ne4 Rxf5 40. Qe3 Rf1+ 41.
Kh2 Qf4+ 42. Qxf4 Rxf4 43. Nc5 Ra8 44. Nxb7 Rg8 45. Rc7 Rg6 46. N7d6 Rfg4 47.
Rxc6 Rxg2+ 48. Kh1 R2g4 49. Nf5 Rxc6 50. Ne3 Re4 51. Nd5 0-1

[Event "N3_Gr_12"]
[Site "?"]
[Date "2003.10.12"]
[Round "1.2"]
[White "Ballo, Michel"]
[Black "Rue, Pascal"]
[Result "0-1"]
[WhiteElo "2106"]
[BlackElo "2138"]
[PlyCount "118"]
[EventDate "2004.??.??"]

1. d4 Nf6 2. c4 g6 3. g3 Bg7 4. Bg2 O-O 5. Nf3 d6 6. Nc3 Nc6 7. O-O a6 8. e4
Bg4 9. h3 Bxf3 10. Bxf3 e5 11. d5 Nd4 12. Bg2 c5 13. dxc6 bxc6 14. Be3 Rb8 15.
Rb1 Qa5 16. Bxd4 exd4 17. Qxd4 Nd5 18. Qd2 Nxc3 19. bxc3 Rxb1 20. Rxb1 Bxc3 21.
Qxd6 Qxa2 22. Rb6 c5 23. Rxa6 Qxc4 24. Qc6 Bd4 25. Ra4 Qe2 26. h4 Qxf2+ 27. Kh2
Rb8 28. Qd6 Rf8 29. Qd5 Qg1+ 30. Kh3 Qe3 31. Bf1 h5 32. Bg2 Kg7 33. Ra7 Qf2 34.
e5 Qf5+ 35. Kh2 Qxe5 36. Qxe5+ Bxe5 37. Bd5 g5 38. Kg2 g4 39. Bc4 Bd4 40. Kf1
Kf6 41. Rd7 Kg7 42. Rb7 Kg6 43. Rb6+ Kg7 44. Rb7 Be5 45. Kg2 Kg6 46. Rb6+ f6
47. Rc6 Rb8 48. Bd3+ Kh6 49. Rxc5 Rd8 50. Bb5 Rd2+ 51. Kf1 Bxg3 52. Rc8 Rd5 53.
Rh8+ Kg7 54. Rg8+ Kxg8 55. Bc4 Kg7 56. Bxd5 Bxh4 57. Be4 Kh6 58. Kg2 Kg5 59.
Bd3 Be1 0-1